[Event "HSG Open"]
[Site "Hilversum NED"]
[Date "2010.07.04"]
[Round "9"]
[White "Piasetski,L"]
[Black "Galje,H"]
[Result "1/2-1/2"]
[WhiteElo "2301"]
[BlackElo "2133"]
[EventDate "2010.06.26"]

1. d4 Nf6 2. c4 e6 3. g3 c5 4. d5 exd5 5. cxd5 d6 6. Nc3 g6 7. Bg2 Bg7 8.
Nf3 O-O 9. O-O Na6 10. Nd2 Nc7 11. Nc4 b6 12. a4 Ba6 13. Na3 Qd7 14. Qb3
Rfe8 15. Nab5 Nh5 16. e4 Bb7 17. Be3 Na6 18. Rad1 Nb4 19. Rd2 a6 20. Na3
Rab8 21. Re1 Ba8 22. Bf1 f5 23. Bh3 Nf6 24. exf5 gxf5 25. Qd1 b5 26. axb5
axb5 27. f3 c4 28. Nc2 1/2-1/2